[Event "SLO-chT (Women)"]
[Site "Kozje"]
[Date "2008.12.06"]
[Round "8"]
[White "Mar, Karmen"]
[Black "Cebela, Alenka"]
[Result "1-0"]
[WhiteElo "2246"]
[BlackElo "1921"]
[PlyCount "68"]
[EventDate "2008.11.27"]
[EventType "team-tourn"]
[EventRounds "9"]
[EventCountry "SLO"]
[SourceTitle "CBM 127 Extra"]
[Source "ChessBase"]
[SourceDate "2009.01.08"]
[SourceVersion "2"]
[SourceVersionDate "2009.01.28"]
[SourceQuality "1"]

1. e4 d5 2. exd5 Nf6 3. Nf3 Nxd5 4. d4 Bg4 5. h3 Bh5 6. c4 Nf6 7. Nc3 e6 8. g4 Bg6 9. Qb3 Qc8 10. Ne5 c6 11. Bg2 Bd6 12. Nxg6 hxg6 13. Be3 Qc7 14. 0-0-0 0-0 15. Ne2 Na6 16. g5 Nh5 17. c5 Bf4 18. Kb1 b6 19. Qa4 Bxe3 20. fxe3 Nb8 21. cxb6 Qxb6 22. Rc1 Rc8 23. Rc5 Qa6 24. Qxa6 Nxa6 25. Rxc6 Rxc6 26. Bxc6 Rd8 27. Rc1 Nb4 28. a3 Nd5 29. Bxd5 Rxd5 30. Rc5 Rd7 31. b4 Kf8 32. b5 Ke7 33. a4 Kd6 34. Rc6+ Kd5 1-0

[Event "SLO-chT (Women)"]
[Site "Bled"]
[Date "2004.11.27"]
[Round "7"]
[White "Ursic, Simona"]
[Black "Cebela, Alenka"]
[Result "1-0"]
[WhiteElo "1946"]
[BlackElo "1907"]
[PlyCount "49"]
[EventDate "2004.11.19"]
[EventType "team"]
[EventRounds "9"]
[EventCountry "SLO"]
[SourceTitle "CBM 103 Extra"]
[Source "ChessBase"]
[SourceDate "2005.01.01"]
[SourceVersion "1"]
[SourceVersionDate "2005.01.01"]
[SourceQuality "1"]

1. e4 d5 2. exd5 Nf6 3. Nc3 Nxd5 4. Bc4 Nxc3 5. Qf3 e6 6. Qxc3 Qg5 7. Nf3 Qc5 8. 0-0 Qb4 9. Qd3 Qd6 10. Qe4 Qc6 11. Qe2 Qd6 12. d4 c6 13. Rd1 Be7 14. Ng5 Bxg5 15. Bxg5 0-0 16. Qg4 f6 17. Bh6 Rf7 18. Bf4 Qe7 19. Re1 Na6 20. Bxe6 Bxe6 21. Rxe6 Qb4 22. Rae1 Qxb2 23. Re8+ Rxe8 24. Rxe8+ Rf8 25. Qe6+ 1-0